000 00723nam a2200217Ia 4500
003 SISC
005 20170302080239.0
008 140609s9999 xx 000 0 und d
020 _a9789810695286
050 _aHF 5549
_b.C297 2011
100 _aCascio, Wayne F.
245 _aApplied psychology in human resource management /
_cWayne F. Cascio, Herman Aguinis.
250 _a7th edition.
260 _aUpper Saddle River, NJ :
_bPrentice Hall,
_c2011.
300 _a531 pages :
_billustrations;
_c26 cm.
500 _aIncludes bibliographical references and index.
650 _aPersonnel management
_xUnited States.
650 _aPsychology, Industrial
_xUnited States.
942 _kFOR
_cBK
_2lcc
999 _c118059
_d118059